| 000 | 00890nas a2200277 4500 | ||
|---|---|---|---|
| 001 | BR7700884 | ||
| 003 | BR-BrBNA | ||
| 005 | 20231205083058.0 | ||
| 007 | ta | ||
| 008 | 230509b bl.|||p| |||| 00| 00por d | ||
| 040 |
_aBR-BrBNA _bpor _cBiblioteca Nacional de Agricultura |
||
| 041 | _a(Pt) | ||
| 072 | _aH10 | ||
| 100 | 1 | _aBotelho, P.S.M. | |
| 100 | 1 | _aMendes, A. de C. | |
| 100 | 1 | _aMacedo, N. | |
| 100 | 1 | _aSilveira Neto, S. | |
| 245 | 1 | _aAtracao de cigarrinha da raiz Mahanarva fimbriolata (Stal, 1854)(Homoptera, Cercopidae), por luzes de diferentes comprimentos de onda [cana de acucar, Brasil] | |
| 650 | _aCANA DE ACUCAR | ||
| 650 | _aCIGARRINHA | ||
| 650 | _aRAIZ | ||
| 650 | _aRADIACAO LUMINOSA | ||
| 773 | 0 |
_tBrasil Acucareiro (Brazil) _xISSN 0006-9167 _g(Sep 1976), v. 88(3) p. 37-42 _wBR7700884 |
|
| 909 |
_a202311 _bLúcia _c55 _dLúcia Elande |
||
| 942 |
_2AGRIS _n0 _cANA |
||
| 999 |
_c96261 _d96261 |
||